Gaming Quiz

Random Gaming or Video Games Quiz
Score 0/18 Timer 05:00
0 Plays Today
Prime/Pokédex Number Pokémon % Correct
157Typhlosion
100%
229Houndoom
100%
251Celebi
100%
163Hoothoot
96.2%
167Spinarak
96.2%
173Cleffa
96.2%
179Mareep
96.2%
181Ampharos
96.2%
197Umbreon
96.2%
Prime/Pokédex Number Pokémon % Correct
199Slowking
96.2%
211Qwilfish
96.2%
227Skarmory
96.2%
239Elekid
96.2%
191Sunkern
88.5%
193Yanma
88.5%
223Remoraid
88.5%
241Miltank
88.5%
233Porygon2
84.6%
Come Together.
Have Fun.
All Virtual.
We all need to come together. Play Sporcle's virtual live trivia to have fun, connect with people, and get your trivia on. Join a live hosted trivia game for your favorite pub trivia experience done virtually. If a virtual private party is more your thing, go here for details.

You're not logged in!

Compare scores with friends on all Sporcle quizzes.
OR
Log In

Sporcle TV

Today on Sporcle TV


Watch our educational content, quiz creation guides, and fun videos on Sporcle TV.

Show Comments

Extras

Top Quizzes Today


Score Distribution

Paid Content

Your Account Isn't Verified!

In order to create a playlist on Sporcle, you need to verify the email address you used during registration. Go to your Sporcle Settings to finish the process.

Report this User

Report this user for behavior that violates our Community Guidelines.

Details: